[Event "12. Anatoly Karpov 2011"]
[Site "Poikovsky RUS"]
[Date "2011.10.04"]
[Round "1.5"]
[White "Rublevsky, Sergei"]
[Black "Efimenko, Zahar"]
[Result "1/2-1/2"]
[WhiteElo "2681"]
[BlackElo "2703"]
[PlyCount "49"]
[EventDate "2011.10.04"]
[EventType "tourn"]
[EventRounds "9"]
[EventCountry "RUS"]
[EventCategory "19"]
[Source "lmi"]
[SourceDate "2011.10.04"]

1. e4 e5 2. Nf3 Nc6 3. Nc3 Nf6 4. Bb5 Bc5 5. d3 d6 6. Na4 Bb6 7. c3 O-O 8. Nxb6
axb6 9. O-O Ne7 10. Bg5 Ng6 11. Nh4 h6 12. Nxg6 fxg6 13. Bc4+ Kh7 14. Bxf6 Rxf6
15. a3 Qe7 16. Qc2 Be6 17. Bxe6 Qxe6 18. f3 g5 19. Rae1 Raf8 20. Qe2 Qb3 21.
Rf2 g4 22. Ref1 gxf3 23. Rxf3 Rxf3 24. Rxf3 Rxf3 25. Qxf3 1/2-1/2

[Event "12. Anatoly Karpov 2011"]
[Site "Poikovsky RUS"]
[Date "2011.10.05"]
[Round "2.1"]
[White "Laznicka, Viktor"]
[Black "Caruana, Fabiano"]
[Result "1/2-1/2"]
[WhiteElo "2701"]
[BlackElo "2712"]
[PlyCount "37"]
[EventDate "2011.10.04"]
[EventType "tourn"]
[EventRounds "9"]
[EventCountry "RUS"]
[EventCategory "19"]
[Source "lmi"]
[SourceDate "2011.10.04"]

1. d4 Nf6 2. Nf3 g6 3. c4 Bg7 4. g3 d5 5. cxd5 Nxd5 6. Bg2 Nb6 7. Nc3 Nc6 8. e3
O-O 9. O-O Re8 10. Re1 a5 11. Qe2 Be6 12. Nd2 Nb4 13. Rd1 Qc8 14. a3 Na6 15.
Rb1 c6 16. b4 axb4 17. axb4 Nc7 18. Bb2 Nbd5 19. Nxd5 1/2-1/2

[Event "12. Anatoly Karpov 2011"]
[Site "Poikovsky RUS"]
[Date "2011.10.05"]
[Round "2.2"]
[White "Bruzon Batista, Lazaro"]
[Black "Efimenko, Zahar"]
[Result "1/2-1/2"]
[WhiteElo "2682"]
[BlackElo "2703"]
[PlyCount "88"]
[EventDate "2011.10.04"]
[EventType "tourn"]
[EventRounds "9"]
[EventCountry "RUS"]
[EventCategory "19"]
[Source "lmi"]
[SourceDate "2011.10.04"]

1. d4 Nf6 2. c4 e6 3. Nf3 b6 4. Nc3 Bb4 5. e3 O-O 6. Bd3 c5 7. O-O Bxc3 8. bxc3
Bb7 9. a4 d6 10. Nd2 Nc6 11. Re1 Rc8 12. Ba3 Re8 13. Qb1 h6 14. Nb3 Ba6 15. e4
d5 16. exd5 exd5 17. Rxe8+ Qxe8 18. dxc5 dxc4 19. Bf1 Qe5 20. cxb6 Ng4 21. g3
Qf6 22. Qe1 axb6 23. h3 Nge5 24. Nd2 Nd3 25. Ne4 Qf3 26. Qe3 Qxe3 27. fxe3 Nce5
28. Bg2 Nd7 29. Nd6 Rc7 30. Rb1 N3c5 31. Bd5 Nxa4 32. Bxf7+ Kh7 33. Bb4 Ndc5
34. Bd5 Rd7 35. Bxc5 bxc5 36. Be4+ g6 37. Ra1 Rxd6 38. Rxa4 Kg7 39. Ra5 Bc8 40.
Rxc5 Bxh3 41. Rxc4 Rd1+ 42. Kh2 Bg4 43. Rc7+ Kf6 44. Rc6+ Ke5 1/2-1/2

[Event "12. Anatoly Karpov 2011"]
[Site "Poikovsky RUS"]
[Date "2011.10.05"]
[Round "2.3"]
[White "Motylev, Alexander"]
[Black "Rublevsky, Sergei"]
[Result "1/2-1/2"]
[WhiteElo "2690"]
[BlackElo "2681"]
[PlyCount "35"]
[EventDate "2011.10.04"]
[EventType "tourn"]
[EventRounds "9"]
[EventCountry "RUS"]
[EventCategory "19"]
[Source "lmi"]
[SourceDate "2011.10.04"]

1. e4 c5 2. Nf3 e6 3. d4 cxd4 4. Nxd4 Nc6 5. Nc3 Qc7 6. Be3 Nf6 7. f4 Bb4 8.
Ndb5 Qa5 9. e5 Ne4 10. Qd3 Nxc3 11. bxc3 Be7 12. Be2 O-O 13. O-O f6 14. exf6
Bxf6 15. Rab1 d5 16. c4 Rd8 17. c5 b6 18. cxb6 1/2-1/2

[Event "12. Anatoly Karpov 2011"]
[Site "Poikovsky RUS"]
[Date "2011.10.06"]
[Round "3.1"]
[White "Karjakin, Sergey"]
[Black "Laznicka, Viktor"]
[Result "1-0"]
[WhiteElo "2772"]
[BlackElo "2701"]
[PlyCount "59"]
[EventDate "2011.10.04"]
[EventType "tourn"]
[EventRounds "9"]
[EventCountry "RUS"]
[EventCategory "19"]
[Source "lmi"]
[SourceDate "2011.10.04"]

1. e4 c6 2. d4 d5 3. e5 Bf5 4. Nf3 e6 5. Be2 c5 6. Be3 Qb6 7. Nc3 Nc6 8. O-O
Qxb2 9. Qe1 c4 10. Rb1 Qxc2 11. Rxb7 Bb4 12. Rxb4 Nxb4 13. Bd1 Qd3 14. Ba4+ Kf8
15. Qa1 Bg4 16. Qb2 Rb8 17. Rb1 Bxf3 18. Bc2 Be2 19. Bxd3 Bxd3 20. a3 Bxb1 21.
axb4 Bg6 22. Qa3 Rb7 23. b5+ Re7 24. Bf4 h6 25. h4 Rh7 26. Qa6 Bf5 27. Bc1 f6
28. Ba3 fxe5 29. Qc8+ Kf7 30. Nxd5 1-0

[Event "12. Anatoly Karpov 2011"]
[Site "Poikovsky RUS"]
[Date "2011.10.06"]
[Round "3.2"]
[White "Caruana, Fabiano"]
[Black "Bruzon Batista, Lazaro"]
[Result "1/2-1/2"]
[WhiteElo "2712"]
[BlackElo "2682"]
[PlyCount "65"]
[EventDate "2011.10.04"]
[EventType "tourn"]
[EventRounds "9"]
[EventCountry "RUS"]
[EventCategory "19"]
[Source "lmi"]
[SourceDate "2011.10.04"]

1. d4 d5 2. c4 c6 3. Nf3 Nf6 4. e3 g6 5. Nc3 Bg7 6. Be2 O-O 7. O-O e6 8. b4
Nbd7 9. Bb2 b6 10. cxd5 cxd5 11. b5 Bb7 12. a4 Re8 13. Na2 a5 14. bxa6 Bxa6 15.
Bxa6 Rxa6 16. Nc3 Bf8 17. Nd2 Qb8 18. Nb5 Rc8 19. Qb3 Ra8 20. Rfc1 Qb7 21. Ba3
Rxc1+ 22. Rxc1 Rc8 23. Rxc8 Qxc8 24. Bxf8 Kxf8 25. f3 Kg7 26. Qc3 Qxc3 27. Nxc3
Nb8 28. Kf2 Nc6 29. Nb5 Kf8 30. h4 Ke7 31. g4 h5 32. Kg3 Nb4 33. Nc3 1/2-1/2

[Event "12. Anatoly Karpov 2011"]
[Site "Poikovsky RUS"]
[Date "2011.10.07"]
[Round "4.1"]
[White "Laznicka, Viktor"]
[Black "Bacrot, Etienne"]
[Result "1/2-1/2"]
[WhiteElo "2701"]
[BlackElo "2705"]
[PlyCount "78"]
[EventDate "2011.10.04"]
[EventType "tourn"]
[EventRounds "9"]
[EventCountry "RUS"]
[EventCategory "19"]
[Source "lmi"]
[SourceDate "2011.10.04"]

1. d4 Nf6 2. c4 g6 3. Nf3 Bg7 4. g3 d5 5. cxd5 Nxd5 6. Bg2 Nb6 7. Nc3 Nc6 8. e3
O-O 9. O-O Re8 10. Re1 a5 11. Qe2 Be6 12. Nd2 Nb4 13. Rd1 c6 14. a3 N4d5 15.
Nce4 Bf5 16. Nc5 e5 17. dxe5 Qe7 18. Nd3 Bxd3 19. Qxd3 Qxe5 20. Nc4 Nxc4 21.
Qxc4 Rad8 22. Qc2 Nc7 23. Rb1 Rxd1+ 24. Qxd1 Ne6 25. Bd2 Qf5 26. g4 Qb5 27. a4
Qg5 28. h3 Rd8 29. Qc2 Rd7 30. Be1 h5 31. Rd1 Rxd1 32. Qxd1 hxg4 33. hxg4 Bxb2
34. Qb3 Bf6 35. Qxb7 Qxg4 36. Qxc6 Qd1 37. Kf1 Qd3+ 38. Kg1 Qd1 39. Kf1 Qd3+
1/2-1/2

[Event "12. Anatoly Karpov 2011"]
[Site "Poikovsky RUS"]
[Date "2011.10.08"]
[Round "5.1"]
[White "Rublevsky, Sergei"]
[Black "Laznicka, Viktor"]
[Result "1/2-1/2"]
[WhiteElo "2681"]
[BlackElo "2701"]
[PlyCount "46"]
[EventDate "2011.10.04"]
[EventType "tourn"]
[EventRounds "9"]
[EventCountry "RUS"]
[EventCategory "19"]
[Source "lmi"]
[SourceDate "2011.10.04"]

1. e4 c6 2. d4 d5 3. e5 Bf5 4. Nd2 e6 5. Nb3 Nd7 6. Nf3 a6 7. Be3 Rc8 8. Be2 c5
9. dxc5 Bxc5 10. Nxc5 Nxc5 11. Nd4 Ne7 12. O-O O-O 13. a4 Nd7 14. f4 Be4 15. c3
Nc6 16. Nxc6 Rxc6 17. Bd4 f6 18. exf6 Nxf6 19. Qd2 Ne8 20. Rae1 Nd6 21. b3 Nf5
22. Bf3 Bxf3 23. Rxf3 Qa5 1/2-1/2

[Event "12. Anatoly Karpov 2011"]
[Site "Poikovsky RUS"]
[Date "2011.10.08"]
[Round "5.3"]
[White "Karjakin, Sergey"]
[Black "Bruzon Batista, Lazaro"]
[Result "1/2-1/2"]
[WhiteElo "2772"]
[BlackElo "2682"]
[PlyCount "51"]
[EventDate "2011.10.04"]
[EventType "tourn"]
[EventRounds "9"]
[EventCountry "RUS"]
[EventCategory "19"]
[Source "lmi"]
[SourceDate "2011.10.04"]

1. e4 e5 2. Nf3 Nc6 3. Bb5 Nf6 4. O-O Nxe4 5. d4 Nd6 6. Bxc6 dxc6 7. dxe5 Nf5
8. Qxd8+ Kxd8 9. Nc3 Bd7 10. h3 h6 11. b3 Kc8 12. Bb2 Ne7 13. Ne2 Ng6 14. Rfe1
a5 15. a4 Bb4 16. Red1 Re8 17. Ng3 Nf4 18. e6 Bxe6 19. Bxg7 Bd5 20. Bxh6 Nxh3+
21. Kf1 Bxf3 22. gxf3 Rg8 23. Be3 Bd6 24. Rd2 b6 25. Rad1 Kb7 26. Kg2 1/2-1/2

[Event "12. Anatoly Karpov 2011"]
[Site "Poikovsky RUS"]
[Date "2011.10.10"]
[Round "6.3"]
[White "Karjakin, Sergey"]
[Black "Bacrot, Etienne"]
[Result "1/2-1/2"]
[WhiteElo "2772"]
[BlackElo "2705"]
[PlyCount "45"]
[EventDate "2011.10.04"]
[EventType "tourn"]
[EventRounds "9"]
[EventCountry "RUS"]
[EventCategory "19"]
[Source "lmi"]
[SourceDate "2011.10.04"]

1. e4 e5 2. Nf3 Nc6 3. Bb5 Nf6 4. O-O Nxe4 5. d4 Nd6 6. Bxc6 dxc6 7. dxe5 Nf5
8. Qxd8+ Kxd8 9. Nc3 Ke8 10. h3 h5 11. Bg5 Be6 12. Rad1 Bb4 13. a3 Bxc3 14.
bxc3 Bd5 15. Nd4 Nxd4 16. Rxd4 b5 17. Rfd1 Kf8 18. a4 a6 19. Ra1 Re8 20. axb5
axb5 21. f4 Kg8 22. Ra7 Kh7 23. Rxc7 1/2-1/2

[Event "12. Anatoly Karpov 2011"]
[Site "Poikovsky RUS"]
[Date "2011.10.11"]
[Round "7.2"]
[White "Efimenko, Zahar"]
[Black "Caruana, Fabiano"]
[Result "1/2-1/2"]
[WhiteElo "2703"]
[BlackElo "2712"]
[PlyCount "76"]
[EventDate "2011.10.04"]
[EventType "tourn"]
[EventRounds "9"]
[EventCountry "RUS"]
[EventCategory "19"]
[Source "lmi"]
[SourceDate "2011.10.04"]

1. e4 e5 2. Nf3 Nc6 3. Bb5 a6 4. Ba4 Nf6 5. O-O Nxe4 6. d4 b5 7. Bb3 d5 8. dxe5
Be6 9. Nbd2 Nc5 10. c3 Be7 11. Bc2 d4 12. cxd4 Nxd4 13. Nxd4 Qxd4 14. Nf3 Qxd1
15. Rxd1 O-O 16. Ng5 h6 17. Bh7+ Kh8 18. Nxe6 Nxe6 19. Be4 Rad8 20. Be3 Bg5 21.
Bxg5 hxg5 22. Kf1 g6 23. Ke2 Kg7 24. g3 Rfe8 25. Ke3 Rxd1 26. Rxd1 Nc5 27. f4
gxf4+ 28. Kxf4 Ne6+ 29. Ke3 Rh8 30. h4 Rh5 31. Rd5 c6 32. Rd6 Rxe5 33. Kf3 c5
34. Rxa6 Nd4+ 35. Kf4 f6 36. Ra7+ Kh6 37. g4 Ne6+ 38. Kf3 Nd4+ 1/2-1/2

[Event "12. Anatoly Karpov 2011"]
[Site "Poikovsky RUS"]
[Date "2011.10.11"]
[Round "7.3"]
[White "Rublevsky, Sergei"]
[Black "Karjakin, Sergey"]
[Result "1/2-1/2"]
[WhiteElo "2681"]
[BlackElo "2772"]
[PlyCount "48"]
[EventDate "2011.10.04"]
[EventType "tourn"]
[EventRounds "9"]
[EventCountry "RUS"]
[EventCategory "19"]
[Source "lmi"]
[SourceDate "2011.10.04"]

1. e4 e5 2. Nf3 Nc6 3. d4 exd4 4. Nxd4 Bc5 5. Be3 Qf6 6. c3 Nge7 7. Bc4 Ne5 8.
Be2 Qg6 9. O-O d6 10. f3 O-O 11. Nd2 d5 12. Kh1 dxe4 13. fxe4 Bg4 14. Bf4 Bxe2
15. Qxe2 Bd6 16. Rad1 Rae8 17. Nc4 Nxc4 18. Qxc4 Qxe4 19. Bxd6 cxd6 20. Rde1
Qg6 21. Qb5 Nc6 22. Nxc6 bxc6 23. Qxc6 Rxe1 24. Rxe1 Qc2 1/2-1/2

[Event "12. Anatoly Karpov 2011"]
[Site "Poikovsky RUS"]
[Date "2011.10.12"]
[Round "8.3"]
[White "Karjakin, Sergey"]
[Black "Efimenko, Zahar"]
[Result "1-0"]
[WhiteElo "2772"]
[BlackElo "2703"]
[PlyCount "57"]
[EventDate "2011.10.04"]
[EventType "tourn"]
[EventRounds "9"]
[EventCountry "RUS"]
[EventCategory "19"]
[Source "lmi"]
[SourceDate "2011.10.04"]

1. e4 e5 2. Bc4 Nf6 3. d3 c6 4. Nf3 d5 5. Bb3 Bb4+ 6. c3 Bd6 7. Bg5 dxe4 8.
dxe4 O-O 9. O-O Qe7 10. Nh4 Na6 11. Nd2 Nc5 12. Qf3 Nxb3 13. axb3 Bc7 14. Nf5
Qe6 15. Bh6 Nxe4 16. Qg4 g6 17. Nxe4 Qxf5 18. Qxf5 Bxf5 19. Nf6+ Kh8 20. Bxf8
Rxf8 21. Rxa7 Rb8 22. Rd1 e4 23. Nd7 Rd8 24. Rxb7 Bf4 25. h3 e3 26. Kf1 Kg7 27.
Rd4 g5 28. Ne5 Rf8 29. Nxc6 1-0

[Event "12. Anatoly Karpov 2011"]
[Site "Poikovsky RUS"]
[Date "2011.10.13"]
[Round "9.4"]
[White "Efimenko, Zahar"]
[Black "Bacrot, Etienne"]
[Result "0-1"]
[WhiteElo "2703"]
[BlackElo "2705"]
[PlyCount "114"]
[EventDate "2011.10.04"]
[EventType "tourn"]
[EventRounds "9"]
[EventCountry "RUS"]
[EventCategory "19"]
[Source "lmi"]
[SourceDate "2011.10.04"]

1. e4 e5 2. Nf3 Nc6 3. Bb5 Nf6 4. O-O Nxe4 5. d4 Nd6 6. Bxc6 dxc6 7. dxe5 Nf5
8. Qxd8+ Kxd8 9. Nc3 Ke8 10. h3 h5 11. Bf4 Be7 12. Rad1 Be6 13. Ng5 Rh6 14. g3
Bxg5 15. Bxg5 Rg6 16. h4 f6 17. exf6 gxf6 18. Bf4 Nxh4 19. f3 Rg7 20. Ne4 Kf7
21. Kf2 Nxf3 22. Kxf3 Bg4+ 23. Kf2 Bxd1 24. Rxd1 Kg6 25. Nc5 Re7 26. Kf3 Rae8
27. Bd2 Kf7 28. Nd3 b6 29. Re1 Rxe1 30. Bxe1 c5 31. Bc3 Rh8 32. Be1 Re8 33. b3
c6 34. Bf2 Rd8 35. Be3 Rh8 36. Bf2 Rd8 37. a4 Rd7 38. Be3 Rd8 39. Nf4 Rd1 40.
Nxh5 c4 41. bxc4 Ra1 42. Ke4 Rxa4 43. Kd3 Ra3+ 44. c3 Ra2 45. Nf4 a5 46. Bxb6
a4 47. Bc5 a3 48. Bb4 Rd2+ 49. Kxd2 a2 50. Bd6 a1=Q 51. c5 Qf1 52. Ne2 Ke6 53.
c4 Kf5 54. Ke3 Kg4 55. Bf4 Qf3+ 56. Kd2 Qf2 57. Be3 Qg2 0-1

[Event "12. Anatoly Karpov 2011"]
[Site "Poikovsky RUS"]
[Date "2011.10.13"]
[Round "9.5"]
[White "Rublevsky, Sergei"]
[Black "Bruzon Batista, Lazaro"]
[Result "0-1"]
[WhiteElo "2681"]
[BlackElo "2682"]
[PlyCount "80"]
[EventDate "2011.10.04"]
[EventType "tourn"]
[EventRounds "9"]
[EventCountry "RUS"]
[EventCategory "19"]
[Source "lmi"]
[SourceDate "2011.10.04"]

1. e4 c5 2. Nf3 e6 3. d4 cxd4 4. Nxd4 a6 5. Be2 Nf6 6. Nc3 Qc7 7. O-O Nc6 8.
Be3 Be7 9. f4 d6 10. a4 O-O 11. Kh1 Re8 12. Bf3 Nxd4 13. Qxd4 e5 14. Qd2 exf4
15. Bxf4 Be6 16. Rfd1 Red8 17. a5 Rac8 18. Ra4 h6 19. Rb4 Rd7 20. Na4 g5 21.
Bxg5 hxg5 22. Qxg5+ Kh8 23. Nb6 Nh7 24. Qd2 Bg5 25. Qe1 Re7 26. Nxc8 Bxc8 27.
Qg3 Re5 28. Rb3 Be6 29. Rc3 Qxa5 30. Rxd6 Bf6 31. h4 Nf8 32. Rcd3 Ng6 33. h5
Rg5 34. Qf2 Nf4 35. Rd1 Qe5 36. c3 Kh7 37. Qd4 Rxh5+ 38. Kg1 Ne2+ 39. Bxe2 Qh2+
40. Kf2 Bxd4+ 0-1